书目信息 |
| 题名: |
未来哲学原理
|
|
| 作者: | 费尔巴哈 著 ;洪谦 译 | |
| 分册: | 第10卷 | |
| 出版信息: | 北京 商务印书馆 2022.07 |
|
| 页数: | 77页 | |
| 开本: | 23cm | |
| 丛书名: | 费尔巴哈文集 | |
| 单 册: | ||
| 中图分类: | B516.36 | |
| 科图分类: | ||
| 主题词: | 哲学--欧洲 | |
| 电子资源: | ||
| ISBN: | 978-7-100-20806-2 | |
| 000 | 01287nam0 2200253 450 | |
| 001 | 2435668551 | |
| 005 | 20240424095942.96 | |
| 010 | @a978-7-100-20806-2@dCNY55.00 | |
| 100 | @a20240424d2022 km y0chiy0120 ea | |
| 101 | 0 | @achi |
| 102 | @aCN@b110000 | |
| 200 | 1 | @a未来哲学原理@AWei Lai Zhe Xue Yuan Li@h第10卷@f(德)费尔巴哈著;洪谦译@F(De)Fei Er Ba Ha Zhu;Hong Qian Yi |
| 210 | @a北京@c商务印书馆@d2022.07 | |
| 215 | @a77页@d23cm | |
| 225 | 2 | @a费尔巴哈文集 |
| 300 | @a 本书分两个部分, 第一部分是对近代唯心主义哲学的批判。 在这部分, 费尔巴哈认为近代哲学始于新教, 完成于黑格尔, 近代哲学是一个将上帝实化和人化的过程, 黑格尔将上帝 ( 绝对精神 ) 设想为一个活动过程, 就是对近代哲学的一个复写。 第二部分阐述了新的哲学, 即人本学唯物主义。 在这部分, 费尔巴哈认为, 人是有理性的、能思维的感性实体, 思维与存在的同一是以人为基础的, 此外, 人的本质只包含在人与人的统一之中。 因此, 要建立一种爱人的哲学, 或者爱人的宗教, 就是建立一种新的哲学, 这种新哲学必须从人出发, 必须以人本学为基础。 | |
| 410 | 0 | @12001 @a费尔巴哈文集 |
| 510 | 1 | @a= Grunds?tze der philosophie der zukunft |
| 606 | 0 | @a哲学@x欧洲 |
| 690 | @aB516.36@v4 | |
| 701 | 0 | @a费尔巴哈@AFei Er Ba Ha@4著 |
| 702 | 0 | @a洪谦@AHong Qian@4译 |
| 801 | 0 | @aCN@b河南城建学院图书馆@c20240424 |
| 905 | @dB516.36@eF3409:10 | |
| 未来哲学原理.第10卷/(德)费尔巴哈著;洪谦译.-北京:商务印书馆,2022.07 |
| 77页;23cm.-(费尔巴哈文集) |
| 本书分两个部分, 第一部分是对近代唯心主义哲学的批判。 在这部分, 费尔巴哈认为近代哲学始于新教, 完成于黑格尔, 近代哲学是一个将上帝实化和人化的过程, 黑格尔将上帝 ( 绝对精神 ) 设想为一个活动过程, 就是对近代哲学的一个复写。 第二部分阐述了新的哲学, 即人本学唯物主义。 在这部分, 费尔巴哈认为, 人是有理性的、能思维的感性实体, 思维与存在的同一是以人为基础的, 此外, 人的本质只包含在人与人的统一之中。 因此, 要建立一种爱人的哲学, 或者爱人的宗教, 就是建立一种新的哲学, 这种新哲学必须从人出发, 必须以人本学为基础。 |
| ISBN 978-7-100-20806-2:CNY55.00 |
| ● |
| 相关链接 |
|
|
|
正题名:未来哲学原理
索取号:B516.36/F3409:10
 
预约/预借
| 序号 | 登录号 | 条形码 | 馆藏地/架位号 | 状态 | 备注 |
| 1 | 1552619 | 215526198 | 马克思主义学院/ [索取号:B516.36/F3409:10] | 在馆 |